Méchants du Cinéma #2 - Statistiques

Statistiques générales
  • Ce quiz a été pris 366 fois
  • Le résultat moyen est 11 sur 15
Statistiques - réponses
Par images Réponse % Correct
Ghostface
95%
Scar
93%
Cruella
92%
Dracula
92%
King Kong
92%
Le Grinch
91%
Jafar
88%
Jigsaw
80%
Le Bouffon Vert
72%
Jabba the Hutt
68%
Michael Myers
65%
Jack Torrance
63%
Sauron
59%
Bane
52%
Requin
16%
Aucun quiz correspondant
Distribution des résultats
% des personnes avec chaque résultat
Percentile par nombre de réponses
Votre historique - résultats
Vous n’avez pas pris ce quiz